| 000 | 01829nam a2200445 c 4500 | ||
|---|---|---|---|
| 001 | 21682 | ||
| 003 | ES-MaCES | ||
| 005 | 20150929135507.0 | ||
| 008 | 081212s2008 sp d o100 | spa d | ||
| 017 |
_aM 41079-2008 _bDL |
||
| 020 | _a9788484173052 | ||
| 024 | 7 |
_a201-08-115-1 _2nipo |
|
| 035 | _aCES20080012531m | ||
| 040 |
_aES-MaCES _bspa _cES-MaCES |
||
| 111 | 2 |
_aCongreso Nacional de Derecho del Trabajo y de la Seguridad Social _n18º _d2007 _cVigo _91067 |
|
| 245 | 1 | 0 |
_aEstrategia europea, Estado Autonómico y política de empleo _b: XVIII Congreso Nacional de Derecho del Trabajo y Seguridad Social, Vigo, 10 y 11 de mayo de 2007 |
| 260 |
_aMadrid _bMinisterio de Trabajo e Inmigración, Subdirección General de Información Administrativa y Publicaciones _c[2008] |
||
| 300 |
_a1162 p. _c22 cm |
||
| 490 | 1 |
_aColección Informes y estudios. Serie General _v21 |
|
| 541 | _cGratuito | ||
| 650 | 4 |
_apolítica comunitaria _930776 |
|
| 650 | 4 |
_aservicio de empleo _928311 |
|
| 650 | 4 |
_acolocación selectiva _929699 |
|
| 650 | 4 |
_aintegración de las personas con discapacidad _929681 |
|
| 650 | 4 |
_aseguridad social _927034 |
|
| 650 | 4 |
_aprestaciones por desempleo _927043 |
|
| 650 | 4 |
_aEspaña _926964 |
|
| 650 | 4 |
_aComunidades Autónomas _930768 |
|
| 650 | 4 |
_aderecho del trabajo _927165 |
|
| 650 | 4 |
_aconferencia _927013 |
|
| 653 | 1 | 0 | _aEmpleo |
| 650 | 4 |
_928300 _apolítica de empleo |
|
| 650 | 4 |
_926752 _aUE |
|
| 710 | 1 |
_aEspaña _bMinisterio de Trabajo e Inmigración _eed. _93272 |
|
| 787 | 0 |
_tGobierno de la empresa y participación de los trabajadores _w(ES-MaCES)20777 |
|
| 830 | 0 |
_aColección Informes y estudios (España. Ministerio de Trabajo e Inmigración) _pSerie General _v21 _934422 |
|
| 902 | _aLIB Libro | ||
| 942 |
_2CES _cBK _h2.1. |
||
| 999 |
_c21682 _d21682 |
||